000 01008pam a2200289 a 4500
001 1051288
003 NUST-PNEC
005 20170116180704.0
008 900510s1991 enka bf 001 0 eng
010 _a 90002105
020 _a0750644524
040 _aDLC
_cPNEC
050 0 0 _aTS184
_b.P58 1991
082 0 0 _a696 SNO
_220
100 _9297
_aSnow, Dennis A.
245 0 0 _aPlant engineers' reference book /
_cedited by Dennis A. Snow.
250 _a2nd ed.
260 _aLondon ;
_aBoston :
_bButterworth-Heinemann,
_cc2002.
300 _axvii. (various pagings) :
_bill. ;
_c26 cm.
500 _aIncludes Index http://www.amazon.com/Plant-Engineers-Reference-Book-Second/dp/0750644524/ref=sr_1_1?s=books&ie=UTF8&qid=1410933592&sr=1-1&keywords=0750644524
504 _aIncludes bibliographical references and index.
650 0 _aPlant engineering
_xME
700 1 _aSnow, Dennis A.
906 _a7
_bcbc
_corignew
_d1
_eocip
_f19
_gy-gencatlg
942 _2ddc
_cBK
999 _c60662
_d60662